[Event "Winnipeg Shpan Memorial"]
[Site "Winnipeg"]
[Date "2011.12.06"]
[Round "6"]
[White "Iomdina, Alexander"]
[Black "Afolabi, Damola"]
[Result "1-0"]
[WhiteElo "1421"]
[BlackElo "1545"]
[PlyCount "89"]
[EventDate "2011.11.01"]
[EventType "swiss"]
[EventRounds "6"]
[EventCountry "CAN"]
[SourceTitle "EXT 2022"]
[Source "ChessBase"]
[SourceDate "2021.10.06"]
[SourceVersion "1"]
[SourceVersionDate "2021.10.06"]
[SourceQuality "1"]

1. d4 g6 2. c4 c5 3. d5 Bg7 4. Nc3 d6 5. Bg5 Qa5 6. Qc2 Nf6 7. e3 0-0 8. Bd3 Na6 9. Nge2 Nb4 10. Qd2 Nxd3+ 11. Qxd3 Bf5 12. Qd2 Rfe8 13. 0-0 Qc7 14. a3 a6 15. f3 Rab8 16. e4 Bd7 17. a4 b5 18. axb5 axb5 19. cxb5 Bxb5 20. Rfc1 Bxe2 21. Nxe2 Nxe4 22. fxe4 Bxb2 23. Qf4 Bxa1 24. Rxa1 f6 25. Bh6 Qd7 26. Ng3 Rec8 27. Nh5 c4 28. Qxf6 exf6 29. Nxf6+ Kf7 30. Nxd7 Rb7 31. Rf1+ Kg8 32. Nf6+ Kh8 33. Ng4 c3 34. Ne3 Rcb8 35. Rc1 Rb2 36. Kf1 c2 37. Ke2 Re8 38. Kd3 Rb4 39. Rxc2 Rbxe4 40. Rc7 Ra4 41. Nc4 Kg8 42. Rg7+ Kh8 43. Nxd6 Ra3+ 44. Kc4 Ra4+ 45. Kb5 1-0

[Event "Winnipeg Shpan Memorial"]
[Site "Winnipeg"]
[Date "2011.11.29"]
[Round "5"]
[White "Evans, Brian"]
[Black "Iomdina, Alexander"]
[Result "1-0"]
[WhiteElo "1529"]
[BlackElo "1421"]
[PlyCount "47"]
[EventDate "2011.11.01"]
[EventType "swiss"]
[EventRounds "6"]
[EventCountry "CAN"]
[SourceTitle "EXT 2022"]
[Source "ChessBase"]
[SourceDate "2021.10.06"]
[SourceVersion "1"]
[SourceVersionDate "2021.10.06"]
[SourceQuality "1"]

1. d4 Nf6 2. c4 e6 3. Nc3 Bb4 4. Bd2 0-0 5. Nf3 c5 6. e3 Nc6 7. d5 Bxc3 8. Bxc3 exd5 9. cxd5 Nb4 10. Bc4 d6 11. a3 Na6 12. Qd3 Nc7 13. Ng5 g6 14. Ne4 Nxe4 15. Qxe4 Bf5 16. Qf4 b5 17. Ba2 a5 18. b4 axb4 19. axb4 Qe7 20. 0-0 Be4 21. Bf6 Qe8 22. Qh6 Ne6 23. dxe6 fxe6 24. Qg7# 1-0

[Event "Manitoba-ch U20"]
[Site "Winnipeg"]
[Date "2011.11.20"]
[Round "4"]
[White "Li, Kevin"]
[Black "Iomdina, Alexander"]
[Result "1/2-1/2"]
[WhiteElo "2203"]
[BlackElo "1421"]
[PlyCount "97"]
[EventDate "2011.11.19"]
[EventType "swiss"]
[EventRounds "4"]
[EventCountry "CAN"]
[SourceTitle "EXT 2022"]
[Source "ChessBase"]
[SourceDate "2021.10.06"]
[SourceVersion "1"]
[SourceVersionDate "2021.10.06"]
[SourceQuality "1"]

1. e4 c5 2. Nf3 d6 3. c3 Nf6 4. g3 g6 5. Bg2 Bg7 6. 0-0 0-0 7. Re1 Bg4 8. h3 Bxf3 9. Qxf3 Nc6 10. d3 Qd7 11. Qe2 Rfe8 12. Be3 b5 13. Nd2 a5 14. d4 cxd4 15. cxd4 Rab8 16. d5 Nb4 17. Nb3 a4 18. Nd4 Rec8 19. a3 Na6 20. Nc6 Rb7 21. Rac1 Rcc7 22. Red1 Nb8 23. f4 Nxc6 24. dxc6 Rxc6 25. Rxc6 Qxc6 26. e5 Ne4 27. Bxe4 Qxe4 28. exd6 Rd7 29. Kf2 Qc6 30. dxe7 Rxe7 31. Rd8+ Re8 32. Rxe8+ Qxe8 33. Qc2 Qd7 34. b3 Qxh3 35. Qd3 Qh2+ 36. Kf3 Qh1+ 37. Ke2 axb3 38. Qxb3 Qg2+ 39. Kd3 Qf1+ 40. Kd2 Qg2+ 41. Kd3 Qc6 42. Bd2 Qd6+ 43. Ke2 Qe6+ 44. Qxe6 fxe6 45. Kd3 Kf7 46. Bb4 Ke8 47. Ke4 Kd7 48. g4 Kc6 49. g5 1/2-1/2

[Event "Winnipeg TNT October"]
[Site "Winnipeg"]
[Date "2011.10.11"]
[Round "2"]
[White "Iomdina, Alexander"]
[Black "Reimer, Bruce"]
[Result "1/2-1/2"]
[WhiteElo "1395"]
[BlackElo "1635"]
[PlyCount "50"]
[EventDate "2011.10.04"]
[EventType "swiss"]
[EventRounds "4"]
[EventCountry "CAN"]
[SourceTitle "EXT 2023"]
[Source "ChessBase"]
[SourceDate "2022.10.05"]
[SourceVersion "1"]
[SourceVersionDate "2022.10.05"]
[SourceQuality "1"]

1. d4 Nf6 2. c4 d6 3. Nc3 g6 4. Bg5 Bg7 5. e3 h6 6. Bh4 0-0 7. Bd3 Nbd7 8. Nge2 e5 9. d5 Nc5 10. 0-0 Nxd3 11. Qxd3 Qd7 12. a3 Re8 13. f3 c6 14. e4 cxd5 15. cxd5 b6 16. Qb5 Qxb5 17. Nxb5 g5 18. Nc7 gxh4 19. Nxa8 Ba6 20. Nc7 Bxe2 21. Nxe8 Nxe8 22. Rfc1 Ba6 23. Rc3 h5 24. Rac1 Bh6 25. R1c2 Bg5 1/2-1/2

[Event "Winnipeg TNT August op"]
[Site "Winnipeg"]
[Date "2011.08.09"]
[Round "1"]
[White "Boron, Anthony"]
[Black "Iomdina, Alexander"]
[Result "1-0"]
[WhiteElo "1996"]
[BlackElo "1410"]
[PlyCount "81"]
[EventDate "2011.08.09"]
[EventType "swiss"]
[EventRounds "4"]
[EventCountry "CAN"]
[SourceTitle "EXT 2022"]
[Source "ChessBase"]
[SourceDate "2021.10.06"]
[SourceVersion "1"]
[SourceVersionDate "2021.10.06"]
[SourceQuality "1"]

1. e4 c5 2. Nc3 Nc6 3. f4 d6 4. Bc4 Nf6 5. Nf3 Bg4 6. h3 Bxf3 7. Qxf3 g6 8. 0-0 Bg7 9. d3 0-0 10. Be3 a6 11. a4 Qc7 12. Rab1 Qa5 13. Bb3 b5 14. e5 dxe5 15. Qxc6 Rac8 16. Qf3 exf4 17. Bxf4 Nd7 18. axb5 axb5 19. Ra1 Qb6 20. Nd5 Qe6 21. Rae1 Qa6 22. Nxe7+ Kh8 23. Nxc8 Qxc8 24. c3 b4 25. Bd6 Rd8 26. Be7 Ne5 27. Rxe5 Bxe5 28. Bxd8 Qxd8 29. Qxf7 bxc3 30. bxc3 Bxc3 31. Qf8+ Qxf8 32. Rxf8+ Kg7 33. Rf7+ Kh6 34. Kf2 Bd4+ 35. Kf3 Kg5 36. Rxh7 Kf6 37. Ke4 Kg5 38. Be6 Kf6 39. Bb3 Kg5 40. g4 Kf6 41. h4 1-0

[Event "Winnipeg TNT June op"]
[Site "Winnipeg"]
[Date "2011.06.21"]
[Round "3"]
[White "Wolchock, Theo"]
[Black "Iomdina, Alexander"]
[Result "1-0"]
[WhiteElo "1660"]
[BlackElo "1408"]
[PlyCount "69"]
[EventDate "2011.06.07"]
[EventType "swiss"]
[EventRounds "4"]
[EventCountry "CAN"]
[SourceTitle "EXT 2022"]
[Source "ChessBase"]
[SourceDate "2021.10.06"]
[SourceVersion "1"]
[SourceVersionDate "2021.10.06"]
[SourceQuality "1"]

1. c4 c5 2. Nc3 Nc6 3. g3 g6 4. Bg2 Bg7 5. Nf3 Nf6 6. 0-0 0-0 7. d3 d6 8. Bg5 a6 9. Qd2 Rb8 10. a4 Bd7 11. Bh6 Qa5 12. Bxg7 Kxg7 13. Rfd1 Nb4 14. Ng5 Qc7 15. Nge4 Nxe4 16. Nxe4 b5 17. axb5 axb5 18. cxb5 Bxb5 19. Qc3+ Kg8 20. Rdc1 Rfc8 21. Qd2 Ra8 22. Rxa8 Rxa8 23. Qxb4 cxb4 24. Rxc7 Ra1+ 25. Bf1 f5 26. Ng5 e5 27. Rxh7 e4 28. Kg2 Bc6 29. dxe4 Bxe4+ 30. f3 Bc2 31. Rc7 b3 32. e3 Ra2 33. Bc4+ Kf8 34. Ne6+ Ke8 35. Bb5# 1-0

[Event "Winnipeg TNT June op"]
[Site "Winnipeg"]
[Date "2011.06.07"]
[Round "1"]
[White "Kernetsky, Myron"]
[Black "Iomdina, Alexander"]
[Result "0-1"]
[WhiteElo "2016"]
[BlackElo "1408"]
[PlyCount "73"]
[EventDate "2011.06.07"]
[EventType "swiss"]
[EventRounds "4"]
[EventCountry "CAN"]
[SourceTitle "EXT 2022"]
[Source "ChessBase"]
[SourceDate "2021.10.06"]
[SourceVersion "1"]
[SourceVersionDate "2021.10.06"]
[SourceQuality "1"]

1. d4 Nf6 2. c4 e6 3. Nf3 Bb4+ 4. Bd2 Qe7 5. a3 Bxd2+ 6. Qxd2 0-0 7. Nc3 b6 8. e4 d6 9. Bd3 Bb7 10. 0-0 Nfd7 11. Qe3 c5 12. d5 Nf6 13. Qg5 Bc8 14. Rfe1 e5 15. h3 Nbd7 16. Ne2 Rb8 17. Ng3 g6 18. Nf5 Qd8 19. Nxd6 Ba6 20. a4 Kh8 21. Nxe5 Kg7 22. Nexf7 Rxf7 23. Nxf7 Kxf7 24. e5 Nh5 25. e6+ Kg7 26. Qxd8 Rxd8 27. exd7 Rxd7 28. g3 Bc8 29. Re8 Rc7 30. Rae1 Bxh3 31. R1e7+ Rxe7 32. Rxe7+ Kf6 33. Rxa7 Ng7 34. Rb7 Ke5 35. Rxg7 Kd4 36. Be2 Bf5 37. d6 0-1

[Event "Winnipeg TNT April op"]
[Site "Winnipeg"]
[Date "2011.04.05"]
[Round "1"]
[White "Iomdina, Alexander"]
[Black "Kaptsan, Aron"]
[Result "0-1"]
[WhiteElo "1410"]
[BlackElo "1985"]
[PlyCount "126"]
[EventDate "2011.04.05"]
[EventType "swiss"]
[EventRounds "4"]
[EventCountry "CAN"]
[SourceTitle "EXT 2022"]
[Source "ChessBase"]
[SourceDate "2021.10.06"]
[SourceVersion "1"]
[SourceVersionDate "2021.10.06"]
[SourceQuality "1"]

1. d4 Nf6 2. c4 e6 3. Nc3 Bb4 4. Qc2 c5 5. dxc5 Bxc5 6. Nf3 0-0 7. Bg5 h6 8. Bh4 Nc6 9. e3 Be7 10. Bd3 d5 11. cxd5 Nxd5 12. Bxe7 Ndxe7 13. 0-0 Nb4 14. Qd2 Qxd3 15. Qc1 Qc2 16. Qxc2 Nxc2 17. Rac1 Nb4 18. Ne5 Nbc6 19. Nf3 b6 20. Nb5 Ba6 21. a4 Rac8 22. Rfd1 Bxb5 23. axb5 Na5 24. Ra1 Rfd8 25. Rxd8+ Rxd8 26. h3 Rd5 27. b4 Rxb5 28. bxa5 Rxa5 29. Rb1 Kf8 30. Kf1 Ra2 31. Nd4 Nd5 32. e4 Nc3 33. Re1 Rd2 34. Nc6 a5 35. Rb1 Rd1+ 36. Rxd1 Nxd1 37. Ke2 Nb2 38. Kd2 Ke8 39. Kc3 Nd1+ 40. Kc4 Nxf2 41. e5 Kd7 42. Kb5 Kc7 43. Nd4 Nd3 44. Nc6 Nf4 45. g4 Nxh3 46. Nd4 Nf2 47. Nf3 Nxg4 48. Nd4 Nxe5 49. Ka4 h5 50. Ne2 h4 51. Nf4 Kc6 52. Kb3 b5 53. Kc3 g5 54. Nh5 g4 55. Ng7 g3 56. Kd4 g2 57. Ke4 g1Q 58. Nxe6 fxe6 59. Kf4 h3 60. Ke4 h2 61. Kf4 h1Q 62. Kxe5 Qd5+ 63. Kf4 Qgg5# 0-1

[Event "Winnipeg TNT February op"]
[Site "Winnipeg"]
[Date "2011.02.01"]
[Round "1"]
[White "Iomdina, Alexander"]
[Black "Rutter, Blair A"]
[Result "0-1"]
[WhiteElo "1435"]
[BlackElo "1889"]
[PlyCount "94"]
[EventDate "2011.02.01"]
[EventType "swiss"]
[EventRounds "4"]
[EventCountry "CAN"]
[SourceTitle "EXT 2022"]
[Source "ChessBase"]
[SourceDate "2021.10.06"]
[SourceVersion "1"]
[SourceVersionDate "2021.10.06"]
[SourceQuality "1"]

1. d4 e6 2. c4 f5 3. Nc3 Bb4 4. Qc2 Nf6 5. Bg5 0-0 6. e3 b6 7. Bd3 Bb7 8. f3 Qe8 9. Nge2 d5 10. a3 Bd6 11. cxd5 Nxd5 12. Nxd5 Bxd5 13. 0-0 Nd7 14. e4 fxe4 15. fxe4 Qh5 16. Bf4 Rxf4 17. Nxf4 Qh6 18. e5 Nxe5 19. dxe5 Bxe5 20. Nh3 Qe3+ 21. Rf2 Rf8 22. Bxh7+ Kh8 23. Raf1 Bd4 24. Kh1 Rxf2 25. Rxf2 Qe1+ 26. Ng1 Bxf2 27. Qb1 Qxg1+ 28. Qxg1 Bxg1 29. Kxg1 Kxh7 30. h4 Kg6 31. Kf2 Kf6 32. g3 Kf5 33. b4 c6 34. Ke3 e5 35. a4 Kg4 36. Kf2 g6 37. a5 e4 38. axb6 axb6 39. b5 cxb5 40. h5 gxh5 41. Kg1 Kxg3 42. Kf1 h4 43. Kg1 h3 44. Kh1 e3+ 45. Kg1 h2+ 46. Kf1 Bc4+ 47. Ke1 h1Q# 0-1

[Event "Winnipeg TNT January op"]
[Site "Winnipeg"]
[Date "2011.01.04"]
[Round "1"]
[White "Mousseau, Chuck"]
[Black "Iomdina, Alexander"]
[Result "1-0"]
[WhiteElo "1742"]
[BlackElo "1422"]
[PlyCount "89"]
[EventDate "2011.01.04"]
[EventType "swiss"]
[EventRounds "4"]
[EventCountry "CAN"]
[SourceTitle "EXT 2022"]
[Source "ChessBase"]
[SourceDate "2021.10.06"]
[SourceVersion "1"]
[SourceVersionDate "2021.10.06"]
[SourceQuality "1"]

1. e4 c5 2. d4 cxd4 3. c3 dxc3 4. Nxc3 Nc6 5. Nf3 Nf6 6. Bc4 g6 7. 0-0 Bg7 8. Bg5 0-0 9. Qd2 d6 10. h3 Ne5 11. Nxe5 dxe5 12. Qe2 Qb6 13. Be3 Qc6 14. Bb5 Qc7 15. Rac1 Bd7 16. Rfd1 Bxb5 17. Qxb5 a6 18. Qb4 Rfd8 19. Nd5 Nxd5 20. Rxd5 Qb8 21. Rxd8+ Qxd8 22. Qxb7 Rb8 23. Qxa6 Rxb2 24. Rc8 Rb1+ 25. Kh2 Rb8 26. Rxd8+ Rxd8 27. Qb7 Bf6 28. a4 Kg7 29. a5 e6 30. a6 h5 31. a7 h4 32. a8Q Rxa8 33. Qxa8 Be7 34. g3 hxg3+ 35. Kxg3 g5 36. Kg4 Bf6 37. Bxg5 Bxg5 38. Kxg5 f6+ 39. Kh5 f5 40. exf5 e4 41. Qxe4 exf5 42. Qxf5 Kh8 43. Kg6 Kg8 44. Qf7+ Kh8 45. Qg7# 1-0

[Event "Winnipeg Shpan Memorial"]
[Site "Winnipeg"]
[Date "2010.11.09"]
[Round "2"]
[White "De Groot, Steven"]
[Black "Iomdina, Alexander"]
[Result "0-1"]
[WhiteElo "1831"]
[BlackElo "1421"]
[PlyCount "58"]
[EventDate "2010.11.02"]
[EventType "swiss"]
[EventRounds "6"]
[EventCountry "CAN"]
[SourceTitle "EXT 2022"]
[Source "ChessBase"]
[SourceDate "2021.10.06"]
[SourceVersion "1"]
[SourceVersionDate "2021.10.06"]
[SourceQuality "1"]

1. e4 c5 2. c3 d6 3. Nf3 Nf6 4. d3 Nc6 5. g3 g6 6. Bg2 Bg7 7. 0-0 0-0 8. Nbd2 Bg4 9. h3 Bd7 10. Nh4 Qc8 11. Kh2 Ne5 12. Qe2 Bb5 13. c4 Ba4 14. f4 Nc6 15. Nhf3 Nd7 16. Nb1 Nb4 17. Nc3 Bc6 18. a3 Na6 19. Nd5 Bxd5 20. exd5 Re8 21. Ng5 h6 22. Ne4 Qc7 23. Nc3 Bxc3 24. bxc3 e6 25. Qf2 exd5 26. Bxd5 Nf6 27. Bg2 Re7 28. f5 g5 29. h4 Ng4+ 0-1

[Event "Winnipeg TNT August op"]
[Site "Winnipeg"]
[Date "2009.08.11"]
[Round "2"]
[White "Lauritson, Jim"]
[Black "Iomdina, Alexander"]
[Result "1-0"]
[WhiteElo "1939"]
[BlackElo "1262"]
[PlyCount "51"]
[EventDate "2009.08.04"]
[EventType "swiss"]
[EventRounds "4"]
[EventCountry "CAN"]
[SourceTitle "EXT 2011"]
[Source "ChessBase"]
[SourceDate "2010.11.26"]
[SourceVersion "1"]
[SourceVersionDate "2010.11.26"]
[SourceQuality "1"]

1. d4 d5 2. c4 e6 3. Nc3 Nf6 4. cxd5 Nxd5 5. e4 Nb6 6. Nf3 Nc6 7. Be2 a6 8. 0-0 Bb4 9. a3 Bxc3 10. bxc3 0-0 11. c4 Na4 12. Qxa4 Nxd4 13. Qd1 Nxe2+ 14. Qxe2 Bd7 15. Bb2 b5 16. Rfd1 Rb8 17. Ne5 Rb7 18. Nxd7 Qe7 19. Nxf8 Qxf8 20. Rd7 bxc4 21. Rad1 Rb8 22. Bc3 h6 23. Qxc4 Qxa3 24. Qxc7 Qb3 25. Qg3 Rb7 26. Qxg7# 1-0